01143 a2200157 45000010006000000050017000060080041000230030015000640400040000790800035001192450046001542640038002003000019002385050699002571000029009563026920260407155614.0260407a1968 arg spa dAR-UNSa-BCEJYS aAR-UNSa-BCEJYSbspacAR-UNSa-BCEJYS a657.47xContabilidad de Costos10aContabilidad de costos a niveles superior 1aBuenos Aires :bEl Coloquioc1968 a195 p.c22 cm. a1.Introducción - 2. Clasificación de los costos - 3. El costo del costo - 4. Definiciones - 5. Razón de la clasificación de los costos - 6. Resumen - 7. Costos industriales - 8. Costos indirectos simples - 9. Costos indirectos conexos - 10. Resumen - 11. Derivaciones conceptuales - 12. Formulas o esquemas de costo - 13. Costo departamental - 14. costos unitarios - 15. Concentración de costos - 16. Sistemas de costos - 17. Costo departamental - 18. Contabilidad de costos por órdenes específicas - 19. Contabilidad de costos por procesos - 20. Aspectos de las formulas del costo - 21. Objetivos de la contabilidad de costos - 22. Las cuentas en la contabilidad de costos - 23. 1 aGiménez, Carlos Manuel